Provincias españolas con nombres cortos - Estadísticas

Estadísticas generales
  • Esta prueba ha sido intentada 5.245 veces
  • La puntuación promedio es 5 de 7
Estadísticas de respuestas
Provincia % Correcto
Lugo
82%
León
79%
Jaén
75%
Cádiz
65%
Soria
61%
Ávila
59%
Álava
50%
No se encontraron pruebas coincidentes
Distribución de puntuación
Porcentaje de gente con cada puntuación
Porcentaje por número respondido
Historial de tus puntuaciones
No has intentado esta prueba.